Gian lận thương mại qua trị giá tính thuế đối với hàng nhập khẩu - Nghiên cứu thực trạng tại Việt Nam, kinh nghiệm của các nước châu Âu và giải pháp /
Guardat en:
| Autor principal: | |
|---|---|
| Format: | Article |
| Idioma: | Vietnamese |
| Matèries: | |
| Etiquetes: |
Afegir etiqueta
Sense etiquetes, Sigues el primer a etiquetar aquest registre!
|
| Thư viện lưu trữ: | Thư viện Trường Đại học Đà Lạt |
|---|
| LEADER | 00916nam a2200253 4500 | ||
|---|---|---|---|
| 001 | DLU180184006 | ||
| 005 | ##20180316 | ||
| 040 | # | # | |a DLU |b vie |
| 041 | # | # | |a vie |
| 044 | # | # | |a vn |
| 100 | # | # | |a Lê Thị Ánh Tuyết. |
| 245 | # | # | |a Gian lận thương mại qua trị giá tính thuế đối với hàng nhập khẩu - Nghiên cứu thực trạng tại Việt Nam, kinh nghiệm của các nước châu Âu và giải pháp / |c Lê Thị Ánh Tuyết. |
| 653 | # | # | |a Giá trị hải quan |
| 653 | # | # | |a Gian lận thương mại |
| 653 | # | # | |a Thuế xuất nhập khẩu |
| 773 | # | # | |t Nghiên cứu Châu Âu |g Số 7(190), 2016, tr. 81-93 |
| 920 | # | # | |a Phòng Tạp chí -- Trung tâm Thông tin - Thư viện Trường Đại học Đà Lạt |
| 900 | # | # | |a True |
| 911 | # | # | |a Nguyễn Thị Thu Phương |
| 925 | # | # | |a G |
| 926 | # | # | |a A |
| 927 | # | # | |a BB |
| 980 | # | # | |a Thư viện Trường Đại học Đà Lạt |